[Event "Moia op 8th"]
[Site "Moia"]
[Date "2019.11.01"]
[Round "5.3"]
[White "Perez Roses, Sergi"]
[Black "Basas Gamazo, Josep"]
[Result "0-1"]
[WhiteElo "1687"]
[BlackElo "1897"]
[PlyCount "160"]
[EventDate "2019.09.20"]
[EventType "swiss"]
[EventRounds "8"]
[EventCountry "ESP"]
[SourceTitle "EXT 2024"]
[Source "ChessBase"]
[SourceDate "2023.10.10"]
[SourceVersion "1"]
[SourceVersionDate "2023.10.10"]
[SourceQuality "1"]

1. e4 c5 2. Nf3 d6 3. d4 cxd4 4. Nxd4 Nf6 5. Nc3 a6 6. Be2 e5 7. Nb3 Be7 8. Be3 Be6 9. Qd2 Nbd7 10. f3 b5 11. 0-0 0-0 12. Rfd1 Nb6 13. a3 Qc7 14. Kh1 Rfd8 15. Qe1 Nc4 16. Bxc4 bxc4 17. Nc1 d5 18. exd5 Nxd5 19. Nxd5 Bxd5 20. Ne2 Rab8 21. Nc3 Be6 22. Rxd8+ Bxd8 23. Rb1 Be7 24. Qf2 f5 25. Qe2 Qc6 26. Bf2 Bf6 27. Bg3 f4 28. Be1 Bf5 29. Ne4 Bxe4 30. Qxe4 Qxe4 31. fxe4 Be7 32. Bc3 Bxa3 33. Bxe5 Rb5 34. Bc3 Kf7 35. Kg1 g5 36. Kf2 Ke6 37. Kf3 h5 38. h3 Bb4 39. Bxb4 Rxb4 40. b3 Ke5 41. Rd1 cxb3 42. Rd5+ Ke6 43. cxb3 Rxb3+ 44. Ke2 Rb5 45. Rd8 Ke5 46. Re8+ Kd4 47. Kf3 Rb3+ 48. Kf2 g4 49. hxg4 hxg4 50. e5 g3+ 51. Ke2 Re3+ 52. Kd2 Rxe5 53. Rd8+ Ke4 54. Kc3 a5 55. Rd4+ Kf5 56. Ra4 Kg4 57. Kd2 Rb5 58. Ke2 Re5+ 59. Kd2 Kf5 60. Ra3 Kg4 61. Ra4 Kg5 62. Ra3 Kf5 63. Kd1 Ke4 64. Kd2 Rd5+ 65. Ke2 Rb5 66. Ra4+ Ke5 67. Kf3 Kd5 68. Rxf4 Rb3+ 69. Ke2 Kc5 70. Rf5+ Kb4 71. Rf4+ Ka3 72. Rc4 a4 73. Kf1 Re3 74. Rd4 Kb3 75. Rd8 a3 76. Rb8+ Kc2 77. Rc8+ Kb2 78. Rb8+ Rb3 79. Re8 a2 80. Re2+ Ka3 0-1

[Event "Vall del Tenes op 8th"]
[Site "Vall del Tenes"]
[Date "2019.05.31"]
[Round "5"]
[White "Sanz Ogaya, Mario"]
[Black "Perez Roses, Sergi"]
[Result "1-0"]
[WhiteElo "1945"]
[BlackElo "1681"]
[PlyCount "75"]
[EventDate "2019.04.26"]
[EventType "swiss"]
[EventRounds "8"]
[EventCountry "ESP"]
[SourceTitle "EXT 2020"]
[Source "ChessBase"]
[SourceDate "2019.10.17"]
[SourceVersion "1"]
[SourceVersionDate "2019.10.17"]
[SourceQuality "1"]

1. e4 e5 2. Nf3 Nc6 3. Bb5 Nd4 4. Nxd4 exd4 5. 0-0 Bc5 6. Bc4 Qf6 7. d3 Ne7 8. f4 0-0 9. Qh5 Bb6 10. f5 Nc6 11. Bg5 g6 12. Qh4 Qg7 13. Bf6 g5 14. Bxg7 gxh4 15. Bxf8 Kxf8 16. Nd2 Ne5 17. Rf4 h3 18. g3 d6 19. Rh4 Kg7 20. Rxh3 Ng4 21. Rc1 Bd7 22. Bxf7 Bxf5 23. exf5 Kxf7 24. Ne4 Kg7 25. Rh4 Ne5 26. Rf1 Rh8 27. Rhf4 d5 28. f6+ Kf8 29. Nd2 c5 30. Re1 Bc7 31. Rf5 Ng4 32. Re7 Ba5 33. Rxb7 Bxd2 34. Rb8+ Kf7 35. Rxh8 Nxf6 36. Rxh7+ Kg6 37. Rxf6+ Kxf6 38. Rxa7 1-0

[Event "Moia op 7th"]
[Site "Moia"]
[Date "2018.11.16"]
[Round "7"]
[White "Perez Roses, Sergi"]
[Black "Canovas Pardo, Jordi"]
[Result "1/2-1/2"]
[WhiteElo "1693"]
[BlackElo "1824"]
[PlyCount "113"]
[EventDate "2018.09.14"]
[EventType "swiss"]
[EventRounds "8"]
[EventCountry "ESP"]
[SourceTitle "CBM 189 Extra"]
[Source "ChessBase"]
[SourceDate "2019.05.31"]
[SourceVersion "1"]
[SourceVersionDate "2019.05.31"]
[SourceQuality "1"]

1. e4 d6 2. d4 Nf6 3. Nc3 g6 4. Nf3 Bg7 5. Be2 0-0 6. 0-0 e5 7. dxe5 dxe5 8. Bg5 Nbd7 9. Qd2 c6 10. Rad1 Qc7 11. Bc4 b5 12. Bd3 Nc5 13. Qe2 b4 14. Nb1 Nxd3 15. Qxd3 Bg4 16. Bxf6 Bxf6 17. Qd6 Qe7 18. Rd3 Bxf3 19. gxf3 Rfd8 20. Qxe7 Bxe7 21. Rfd1 Rxd3 22. Rxd3 Rd8 23. Rxd8+ Bxd8 24. Nd2 f6 25. Nc4 Bc7 26. Kg2 Kf7 27. Kg3 Ke6 28. h4 h5 29. Nd2 Bb6 30. Nc4 Bc7 31. Kg2 Kd7 32. Kf1 Ke6 33. Ke2 f5 34. Ke3 f4+ 35. Ke2 Bd8 36. Kf1 Bxh4 37. Kg2 Bd8 38. Nd2 Bc7 39. Nb3 Kd7 40. Nc1 a5 41. Nd3 c5 42. b3 Kc6 43. Kh3 g5 44. Nb2 Kb5 45. Nc4 a4 46. Kg2 axb3 47. axb3 g4 48. fxg4 hxg4 49. f3 gxf3+ 50. Kxf3 Kc6 51. Kg4 Kd7 52. Nd2 c4 53. Nxc4 Kc6 54. Nd2 Kc5 55. Nf3 Kd6 56. Kf5 Kc5 57. Ke6 1/2-1/2

[Event "Santa Eulalia Vall del Tenes op 7th"]
[Site "Santa Eulalia de Roncana"]
[Date "2018.06.01"]
[Round "7.6"]
[White "Perez Roses, Sergi"]
[Black "Buldo Polls, Joan"]
[Result "1/2-1/2"]
[WhiteElo "1670"]
[BlackElo "2045"]
[PlyCount "74"]
[EventDate "2018.04.06"]
[EventType "swiss"]
[EventRounds "8"]
[EventCountry "ESP"]
[SourceTitle "EXT 2024"]
[Source "ChessBase"]
[SourceDate "2023.10.10"]
[SourceVersion "1"]
[SourceVersionDate "2023.10.10"]
[SourceQuality "1"]

1. e4 c5 2. Nf3 d6 3. d4 cxd4 4. Nxd4 Nf6 5. Nc3 e6 6. Be3 Be7 7. f3 0-0 8. Qd2 a6 9. 0-0-0 Nc6 10. g4 Qc7 11. h4 b5 12. Kb1 b4 13. Nce2 Rb8 14. Nxc6 Qxc6 15. Nd4 Qc7 16. h5 Nd7 17. g5 Ne5 18. f4 Nc4 19. Bxc4 Qxc4 20. g6 Bb7 21. Qg2 Bf6 22. Rhg1 Rbd8 23. b3 Qc8 24. Bf2 e5 25. Bh4 Bxe4 26. gxh7+ Kh8 27. Qxe4 Bxh4 28. fxe5 dxe5 29. Qxh4 exd4 30. Rxd4 Rxd4 31. Qxd4 Qc3 32. Qxc3 bxc3 33. Rg3 Rc8 34. Rf3 Rc7 35. a3 Kxh7 36. Kc1 Kh6 37. Rh3 Rc5 1/2-1/2

[Event "Santa Eulalia Vall del Tenes op 7th"]
[Site "Santa Eulalia de Roncana"]
[Date "2018.04.27"]
[Round "4.6"]
[White "Urena Casacuberta, Lluis"]
[Black "Perez Roses, Sergi"]
[Result "1/2-1/2"]
[WhiteElo "1921"]
[BlackElo "1670"]
[PlyCount "94"]
[EventDate "2018.04.06"]
[EventType "swiss"]
[EventRounds "8"]
[EventCountry "ESP"]
[SourceTitle "EXT 2024"]
[Source "ChessBase"]
[SourceDate "2023.10.10"]
[SourceVersion "1"]
[SourceVersionDate "2023.10.10"]
[SourceQuality "1"]

1. d4 Nf6 2. c4 e5 3. dxe5 Ne4 4. Nd2 Bb4 5. a3 Bxd2+ 6. Bxd2 Nxd2 7. Qxd2 Nc6 8. Nf3 Qe7 9. Qc3 0-0 10. g3 Re8 11. Bg2 Nxe5 12. Nxe5 Qxe5 13. Qxe5 Rxe5 14. e3 d6 15. 0-0-0 Rb8 16. Rd5 Be6 17. Rxe5 dxe5 18. Bd5 Bxd5 19. cxd5 e4 20. Rd1 Rd8 21. Rd4 f5 22. Rb4 b6 23. Rc4 Rd7 24. Kc2 Kf7 25. Rc6 Ke7 26. Kc3 Rxd5 27. Rxc7+ Rd7 28. Rxd7+ Kxd7 29. Kd4 Kd6 30. g4 g6 31. a4 h6 32. h4 h5 33. g5 a6 34. b3 a5 35. Kc4 Kc6 36. b4 axb4 37. Kxb4 Kd6 38. Kb5 Kc7 39. Kb4 Kd6 40. Kb3 Kc5 41. Kc3 Kd5 42. Kb4 Kd6 43. Kc4 Kc6 44. Kd4 Kd6 45. Kc4 Kc6 46. Kd4 Kd6 47. Kc4 Kc6 1/2-1/2

[Event "Santa Eulalia Vall del Tenes op 7th"]
[Site "Santa Eulalia de Roncana"]
[Date "2018.04.20"]
[Round "3.6"]
[White "Perez Roses, Sergi"]
[Black "Sola Lluch, Miquel"]
[Result "1/2-1/2"]
[WhiteElo "1670"]
[BlackElo "1834"]
[PlyCount "104"]
[EventDate "2018.04.06"]
[EventType "swiss"]
[EventRounds "8"]
[EventCountry "ESP"]
[SourceTitle "EXT 2024"]
[Source "ChessBase"]
[SourceDate "2023.10.10"]
[SourceVersion "1"]
[SourceVersionDate "2023.10.10"]
[SourceQuality "1"]

1. e4 d5 2. exd5 Qxd5 3. Nf3 Bg4 4. Be2 e6 5. 0-0 Nf6 6. d4 Be7 7. c4 Qd8 8. Nc3 0-0 9. h3 Bh5 10. g4 Bg6 11. Nh4 Ne4 12. Nxg6 Nxc3 13. Nxe7+ Qxe7 14. bxc3 Qh4 15. Kh2 f5 16. f3 f4 17. Qe1 Qf6 18. h4 Nd7 19. Bd3 Rae8 20. g5 Qe7 21. Qe4 Rf5 22. Bxf4 h6 23. Bd2 Ref8 24. Qxb7 Rb8 25. Qe4 Rb2 26. Bc2 Qd6+ 27. Kg2 hxg5 28. Bxg5 Nf6 29. Bxf6 Rxf6 30. Rfb1 Qb6 31. Rxb2 Qxb2 32. Rb1 Qxc3 33. Rb8+ Kf7 34. Bd3 Qd2+ 35. Qe2 Qf4 36. Rb7 g5 37. h5 g4 38. fxg4 Kg7 39. Rxa7 Kh6 40. Ra5 Kg7 41. Re5 Qxd4 42. Rxe6 c5 43. Rxf6 Qxf6 44. Qe4 Qb2+ 45. Kf3 Qxa2 46. Qe7+ Kg8 47. Qxc5 Qa1 48. Qd5+ Kg7 49. Qg5+ Kh8 50. Ke4 Qh1+ 51. Ke5 Qd5+ 52. Kf6 Qe6+ 1/2-1/2

[Event "Moia op 6th"]
[Site "Moia"]
[Date "2017.11.10"]
[Round "7"]
[White "Urena Casacuberta, Lluis"]
[Black "Perez Roses, Sergi"]
[Result "1-0"]
[WhiteElo "1906"]
[BlackElo "1665"]
[PlyCount "95"]
[EventDate "2017.09.22"]
[EventType "swiss"]
[EventRounds "8"]
[EventCountry "ESP"]
[SourceTitle "CBM 189 Extra"]
[Source "ChessBase"]
[SourceDate "2019.05.31"]
[SourceVersion "1"]
[SourceVersionDate "2019.05.31"]
[SourceQuality "1"]

1. d4 Nf6 2. c4 c5 3. d5 b5 4. cxb5 a6 5. bxa6 Bxa6 6. Nc3 g6 7. e4 Bxf1 8. Kxf1 d6 9. Nf3 Nbd7 10. g3 Bg7 11. Kg2 0-0 12. h3 Qb6 13. Re1 Rfb8 14. Qc2 Ne8 15. a4 Nc7 16. Ra3 Na6 17. Nb5 Nf6 18. Bd2 Ne8 19. Bc3 Nec7 20. Nxc7 Qxc7 21. Bxg7 Kxg7 22. b3 Nb4 23. Qc3+ Kg8 24. Nd2 Qb7 25. h4 Qa6 26. Re3 Ra7 27. h5 gxh5 28. Ra1 Qc8 29. Rh1 Qg4 30. Rf3 Qg7 31. Qxg7+ Kxg7 32. Rxh5 f6 33. Rf4 Rh8 34. Rg4+ Kf7 35. Rgh4 Kg7 36. g4 Nc2 37. g5 Nd4 38. gxf6+ exf6 39. Rg4+ Kf8 40. Rh3 Rg8 41. Rxg8+ Kxg8 42. Nc4 Rb7 43. Nxd6 Rxb3 44. Rxb3 Nxb3 45. Nc4 Kf7 46. a5 Nd4 47. Nd6+ Ke7 48. a6 1-0

[Event "Moia op 5th"]
[Site "Moia"]
[Date "2016.11.04"]
[Round "6"]
[White "Perez Roses, Sergi"]
[Black "Roca Codina, Josep"]
[Result "1/2-1/2"]
[WhiteElo "1943"]
[BlackElo "1665"]
[PlyCount "58"]
[EventDate "2016.09.23"]
[EventType "swiss"]
[EventRounds "8"]
[EventCountry "ESP"]
[SourceTitle "EXT 2018"]
[Source "ChessBase"]
[SourceDate "2017.10.13"]
[SourceVersion "1"]
[SourceVersionDate "2017.10.13"]
[SourceQuality "1"]

1. e4 c5 2. Nf3 Nc6 3. d4 cxd4 4. Nxd4 e5 5. Nb5 a6 6. N5c3 Nf6 7. Bg5 Be7 8. Bxf6 Bxf6 9. Nd5 0-0 10. Nbc3 b5 11. Be2 Nd4 12. 0-0 Nxe2+ 13. Qxe2 Bb7 14. Rad1 g6 15. Qg4 Bc6 16. Rd3 Bg7 17. Rfd1 Ra7 18. Nb4 Qc8 19. Nxc6 Qxc6 20. Rd6 Qc4 21. Rxd7 Rxd7 22. Qxd7 b4 23. Qd5 Qc8 24. Na4 Qxc2 25. Nc5 a5 26. Nb7 a4 27. Nc5 a3 28. bxa3 bxa3 29. Rd2 Qc1+ 1/2-1/2

[Event "Moia op 5th"]
[Site "Moia"]
[Date "2016.10.28"]
[Round "5"]
[White "Basora Pascual, Pau"]
[Black "Perez Roses, Sergi"]
[Result "1/2-1/2"]
[WhiteElo "1611"]
[BlackElo "1943"]
[PlyCount "41"]
[EventDate "2016.09.23"]
[EventType "swiss"]
[EventRounds "8"]
[EventCountry "ESP"]
[SourceTitle "EXT 2018"]
[Source "ChessBase"]
[SourceDate "2017.10.13"]
[SourceVersion "1"]
[SourceVersionDate "2017.10.13"]
[SourceQuality "1"]

1. e4 e5 2. Nf3 Nc6 3. d4 exd4 4. Nxd4 Bc5 5. Be3 Qf6 6. c3 Nge7 7. Be2 d5 8. Bf3 Bxd4 9. cxd4 dxe4 10. Bxe4 Bf5 11. Nc3 Qg6 12. Qf3 0-0-0 13. Rd1 Bxe4 14. Qxe4 Rhe8 15. Qxg6 hxg6 16. 0-0 Nd5 17. Rfe1 Ncb4 18. Nxd5 Rxd5 19. a3 Nc2 20. Re2 Nxe3 21. fxe3 1/2-1/2

[Event "Vall del Tenes op 5th"]
[Site "Vall del Tenes"]
[Date "2016.05.13"]
[Round "6"]
[White "Amat Domenech, Carles"]
[Black "Perez Roses, Sergi"]
[Result "0-1"]
[WhiteElo "1737"]
[BlackElo "1895"]
[PlyCount "130"]
[EventDate "2016.04.08"]
[EventType "swiss"]
[EventRounds "8"]
[EventCountry "ESP"]
[SourceTitle "CBM 172 Extra"]
[Source "ChessBase"]
[SourceDate "2016.06.21"]
[SourceVersion "1"]
[SourceVersionDate "2016.06.21"]
[SourceQuality "1"]

1. e4 e5 2. c3 Nf6 3. d3 Nc6 4. Bg5 d6 5. Be2 Be7 6. Nf3 0-0 7. 0-0 h6 8. Bh4 d5 9. exd5 Nxd5 10. Bxe7 Qxe7 11. Nbd2 Nf4 12. Re1 Bf5 13. Ne4 Rad8 14. Qc2 Bxe4 15. dxe4 Nxe2+ 16. Qxe2 Rd6 17. Rad1 Rfd8 18. Rc1 Qe6 19. b3 Qg4 20. h3 Qh5 21. Nh2 Qxe2 22. Rxe2 Rd1+ 23. Rxd1 Rxd1+ 24. Nf1 Rc1 25. Re3 Ra1 26. a4 Na5 27. b4 Nc4 28. Re2 Rxa4 29. Ne3 Ra1+ 30. Kh2 Nxe3 31. Rxe3 Rd1 32. Kg3 f6 33. Kf3 Kf7 34. Ke2 Rd6 35. Ke1 Ke6 36. Re2 Rd3 37. Rc2 Kd7 38. Ke2 Rd6 39. Ke3 Kc6 40. Ra2 a6 41. Ra5 Kb6 42. h4 h5 43. g3 g6 44. Ke2 Kc6 45. f4 exf4 46. gxf4 Kd7 47. Ra1 Ke6 48. Ke3 Rd7 49. Rg1 Kf7 50. Ke2 Rd6 51. Ke3 Rd8 52. Ke2 b6 53. Ra1 Ra8 54. b5 a5 55. Ra4 Rd8 56. Rc4 Rd7 57. Ra4 Kg7 58. Ra1 Kh6 59. Rg1 Rg7 60. e5 fxe5 61. fxe5 g5 62. e6 gxh4 63. Rh1 Re7 64. Rxh4 Rxe6+ 65. Kd3 Kg5 0-1

[Event "Moia op 4th"]
[Site "Moia"]
[Date "2015.10.09"]
[Round "4"]
[White "Perez Roses, Sergi"]
[Black "Ramirez Rosich, Pere"]
[Result "1-0"]
[WhiteElo "1899"]
[BlackElo "1717"]
[PlyCount "109"]
[EventDate "2015.09.18"]
[EventType "swiss"]
[EventRounds "8"]
[EventCountry "ESP"]
[SourceTitle "EXT 2017"]
[Source "ChessBase"]
[SourceDate "2016.10.25"]
[SourceVersion "1"]
[SourceVersionDate "2016.10.25"]
[SourceQuality "1"]

1. e4 c5 2. Nf3 Nc6 3. d4 cxd4 4. Nxd4 e5 5. Nb5 a6 6. Nd6+ Bxd6 7. Qxd6 Qe7 8. Qxe7+ Ngxe7 9. Nc3 Nd4 10. Bd3 0-0 11. 0-0 f5 12. Bg5 Ng6 13. exf5 Nxf5 14. Nd5 h6 15. Bxf5 Rxf5 16. Be3 b5 17. Rad1 Rf7 18. Nb6 Rb8 19. Rd6 Nf4 20. Rfd1 Bb7 21. Nxd7 Rc8 22. Nxe5 Rf5 23. Bxf4 Rxf4 24. Rd8+ Rxd8 25. Rxd8+ Kh7 26. Nd3 Rc4 27. c3 Rc7 28. f3 Re7 29. Kf2 a5 30. Nc5 Bc6 31. Rd6 Be8 32. Re6 Rc7 33. Rxe8 Rxc5 34. Ke3 b4 35. Kd4 Rc7 36. cxb4 axb4 37. Re2 Kg6 38. Kd3 Kf5 39. Rc2 Ra7 40. b3 Rd7+ 41. Ke3 Re7+ 42. Kf2 Rd7 43. Rc4 Rd2+ 44. Kg3 Rxa2 45. Rxb4 Rb2 46. Rb8 Ke5 47. h4 Kf5 48. b4 Kg6 49. b5 Kh5 50. b6 Rb4 51. b7 Kg6 52. Kh3 Kf7 53. g4 Ke7 54. h5 Kd7 55. Rg8 1-0

[Event "Moia op 4th"]
[Site "Moia"]
[Date "2015.10.02"]
[Round "3"]
[White "Castrillon Otero, Javier"]
[Black "Perez Roses, Sergi"]
[Result "1-0"]
[WhiteElo "2169"]
[BlackElo "1899"]
[PlyCount "63"]
[EventDate "2015.09.18"]
[EventType "swiss"]
[EventRounds "8"]
[EventCountry "ESP"]
[SourceTitle "EXT 2017"]
[Source "ChessBase"]
[SourceDate "2016.10.25"]
[SourceVersion "1"]
[SourceVersionDate "2016.10.25"]
[SourceQuality "1"]

1. d4 Nf6 2. Nf3 e6 3. Nbd2 Nc6 4. e4 b6 5. c3 Bb7 6. Bd3 d6 7. 0-0 Be7 8. Qc2 h6 9. Re1 Qd7 10. a4 g5 11. Nf1 g4 12. N3d2 h5 13. b4 Nh7 14. Nc4 Ng5 15. d5 Ne5 16. Nxe5 dxe5 17. Bb5 c6 18. dxc6 Bxc6 19. Rd1 Qb7 20. Bxg5 Bxg5 21. Rd6 Bxb5 22. axb5 Rd8 23. Rc6 Ke7 24. Ne3 Bxe3 25. fxe3 Rd6 26. Qf2 Rxc6 27. bxc6 Qc7 28. b5 f6 29. Rf1 Rh6 30. Rd1 Ke8 31. Rd7 Qb8 32. Qa2 1-0

[Event "Moia op 4th"]
[Site "Moia"]
[Date "2015.09.25"]
[Round "2"]
[White "Perez Roses, Sergi"]
[Black "Clavel Moliner, Francesc"]
[Result "1/2-1/2"]
[WhiteElo "1899"]
[BlackElo "2027"]
[PlyCount "63"]
[EventDate "2015.09.18"]
[EventType "swiss"]
[EventRounds "8"]
[EventCountry "ESP"]
[SourceTitle "EXT 2017"]
[Source "ChessBase"]
[SourceDate "2016.10.25"]
[SourceVersion "1"]
[SourceVersionDate "2016.10.25"]
[SourceQuality "1"]

1. e4 d5 2. exd5 Qxd5 3. Nf3 Nf6 4. Be2 e6 5. Nc3 Qa5 6. d3 c6 7. 0-0 Be7 8. h3 0-0 9. Be3 Nbd7 10. a3 b5 11. Ng5 Bb7 12. Nge4 Qc7 13. Bf3 Nd5 14. Nxd5 exd5 15. Ng3 Bf6 16. d4 g6 17. Qd2 Bg7 18. c3 Rfe8 19. Rfe1 Nb6 20. Be2 Nc4 21. Bxc4 bxc4 22. Re2 Bc8 23. Rae1 Be6 24. Bf4 Qd7 25. Be5 f6 26. Bf4 Bf7 27. Rxe8+ Rxe8 28. Rxe8+ Qxe8 29. Bd6 Qe6 30. Bc5 a6 31. Kf1 g5 32. Qe2 1/2-1/2

[Event "Sant Adria de Besos op 11th"]
[Site "Sant Adria de Besos"]
[Date "2015.06.21"]
[Round "9.17"]
[White "Perez Roses, Sergi"]
[Black "Vela Dominguez, Jose Antonio"]
[Result "1-0"]
[WhiteElo "1884"]
[BlackElo "1636"]
[PlyCount "33"]
[EventDate "2015.04.12"]
[EventType "swiss"]
[EventRounds "9"]
[EventCountry "ESP"]
[SourceTitle "EXT 2024"]
[Source "ChessBase"]
[SourceDate "2023.10.10"]
[SourceVersion "1"]
[SourceVersionDate "2023.10.10"]
[SourceQuality "1"]

1. e4 e5 2. d4 exd4 3. Qxd4 Nc6 4. Qe3 d6 5. Nc3 Be7 6. Bd2 Nf6 7. 0-0-0 Be6 8. f3 0-0 9. Nge2 Ne5 10. Nf4 c6 11. g4 d5 12. exd5 Nexg4 13. fxg4 cxd5 14. Nxe6 Nxg4 15. Nxd8 Nxe3 16. Bxe3 Raxd8 17. Nxd5 1-0

[Event "Sant Adria de Besos op 11th"]
[Site "Sant Adria de Besos"]
[Date "2015.06.07"]
[Round "7.13"]
[White "Andinach Carrasco, Javier"]
[Black "Perez Roses, Sergi"]
[Result "1-0"]
[WhiteElo "2095"]
[BlackElo "1884"]
[PlyCount "109"]
[EventDate "2015.04.12"]
[EventType "swiss"]
[EventRounds "9"]
[EventCountry "ESP"]
[SourceTitle "EXT 2024"]
[Source "ChessBase"]
[SourceDate "2023.10.10"]
[SourceVersion "1"]
[SourceVersionDate "2023.10.10"]
[SourceQuality "1"]

1. d4 Nf6 2. c4 c5 3. d5 b5 4. cxb5 a6 5. Nc3 axb5 6. Bg5 b4 7. Bxf6 gxf6 8. Ne4 d6 9. e3 Bg7 10. Qh5 Qa5 11. Bc4 Ba6 12. Qg4 Bxc4 13. Qxg7 b3+ 14. Nc3 Rf8 15. Qg4 Bxd5 16. Qc8+ Qd8 17. Qxd8+ Kxd8 18. Nxd5 Rxa2 19. Rb1 Nc6 20. Ne2 Ne5 21. Nc1 Ra5 22. Nxb3 Rb5 23. Nd2 Kd7 24. Ke2 Rfb8 25. b3 Nc6 26. Rhc1 Na5 27. Rc3 c4 28. b4 Rxd5 29. Nxc4 Nxc4 30. Rxc4 Rc5 31. bxc5 Rxb1 32. cxd6 Kxd6 33. Rh4 Rb2+ 34. Kf3 Rb5 35. Rxh7 Rf5+ 36. Ke2 Rg5 37. g3 Ke6 38. h4 Rg6 39. Kf3 f5 40. Rh5 Kf6 41. e4 fxe4+ 42. Kxe4 Rg4+ 43. Kf3 Rg6 44. g4 e6 45. Kf4 Rg7 46. Rh6+ Rg6 47. Rxg6+ Kxg6 48. Ke5 Kg7 49. f4 Kg6 50. h5+ Kg7 51. g5 Kg8 52. Kf6 Kf8 53. g6 e5 54. g7+ Kg8 55. fxe5 1-0

[Event "Sant Adria de Besos op 11th"]
[Site "Sant Adria de Besos"]
[Date "2015.05.24"]
[Round "5.19"]
[White "Hernando Caro, Manuel"]
[Black "Perez Roses, Sergi"]
[Result "0-1"]
[WhiteElo "1689"]
[BlackElo "1884"]
[PlyCount "104"]
[EventDate "2015.04.12"]
[EventType "swiss"]
[EventRounds "9"]
[EventCountry "ESP"]
[SourceTitle "EXT 2024"]
[Source "ChessBase"]
[SourceDate "2023.10.10"]
[SourceVersion "1"]
[SourceVersionDate "2023.10.10"]
[SourceQuality "1"]

1. e4 e5 2. Nf3 Nc6 3. Bc4 Nf6 4. d4 exd4 5. Nxd4 d6 6. Nc3 Be7 7. 0-0 0-0 8. Bg5 Ne5 9. Bb3 Bd7 10. Nf5 Bxf5 11. exf5 a5 12. Nd5 Nxd5 13. Bxe7 Nxe7 14. Qh5 a4 15. Bxa4 Rxa4 16. Qg5 Rg4 17. Qh5 Rf4 18. f6 Rxf6 19. Rfe1 Qd7 20. Re3 Rg6 21. Rh3 Rh6 22. Qg5 Qxh3 23. gxh3 Rg6 24. Qg3 Rxg3+ 25. hxg3 N7c6 26. f4 Nc4 27. b3 Ne3 28. c4 Re8 29. Re1 Kf8 30. Kf2 Nf5 31. Rxe8+ Kxe8 32. g4 Nfd4 33. f5 Ke7 34. Ke3 Nc2+ 35. Kd3 N2b4+ 36. Ke4 Nxa2 37. Kd5 Kf6 38. h4 h5 39. gxh5 Kxf5 40. c5 dxc5 41. Kxc5 Kg4 42. Kc4 Kxh4 43. h6 gxh6 44. Kd5 f5 45. Ke6 f4 46. Kf5 f3 47. Kf4 f2 48. Kf5 f1Q+ 49. Kg6 Qf4 50. Kh7 Qf7+ 51. Kh8 Ne7 52. b4 Qg8# 0-1

[Event "Sant Adria de Besos op 11th"]
[Site "Sant Adria de Besos"]
[Date "2015.04.12"]
[Round "1.5"]
[White "Perez Roses, Sergi"]
[Black "Rueda Marquez, David Juan"]
[Result "0-1"]
[WhiteElo "1884"]
[BlackElo "2188"]
[PlyCount "36"]
[EventDate "2015.04.12"]
[EventType "swiss"]
[EventRounds "9"]
[EventCountry "ESP"]
[SourceTitle "EXT 2024"]
[Source "ChessBase"]
[SourceDate "2023.10.10"]
[SourceVersion "1"]
[SourceVersionDate "2023.10.10"]
[SourceQuality "1"]

1. e4 e5 2. d4 exd4 3. Qxd4 Nc6 4. Qe3 Nf6 5. Nc3 Bb4 6. Bd2 0-0 7. 0-0-0 Re8 8. Bc4 Na5 9. Bd3 d5 10. Qg3 Bd6 11. f4 dxe4 12. Nxe4 Nxe4 13. Bxe4 Rxe4 14. Bxa5 Bxf4+ 15. Qxf4 Qxd1+ 16. Kxd1 Rxf4 17. Bxc7 Bg4+ 18. Nf3 Rxf3 0-1

[Event "Vall del Tenes op 3rd"]
[Site "Santa Eulalia de Roncana"]
[Date "2014.05.30"]
[Round "6"]
[White "Perez Roses, Sergi"]
[Black "Navarro Escura, Marc"]
[Result "1-0"]
[WhiteElo "1878"]
[BlackElo "1995"]
[PlyCount "115"]
[EventDate "2014.04.25"]
[EventType "swiss"]
[EventRounds "8"]
[EventCountry "ESP"]
[SourceTitle "CBM 160 Extra"]
[Source "ChessBase"]
[SourceDate "2014.07.01"]
[SourceVersion "1"]
[SourceVersionDate "2014.07.01"]
[SourceQuality "1"]

1. e4 d5 2. exd5 Qxd5 3. Nf3 Nf6 4. Be2 Bf5 5. 0-0 e6 6. d4 c6 7. Nc3 Qa5 8. a3 Bd6 9. Bd2 Qc7 10. g3 Nbd7 11. Re1 0-0-0 12. b4 Ne4 13. Nxe4 Bxe4 14. c4 f6 15. c5 Be7 16. Bc4 Bxf3 17. Qxf3 e5 18. b5 cxb5 19. Bxb5 Nxc5 20. dxc5 Rxd2 21. c6 b6 22. Red1 Rxd1+ 23. Rxd1 Rd8 24. Qg4+ Kb8 25. Rxd8+ Bxd8 26. Qa4 Be7 27. Bd3 Qd6 28. Bxh7 Qxa3 29. Qc4 Qc5 30. Qf7 Qc1+ 31. Kg2 Qxc6+ 32. Kh3 Qd6 33. Qxg7 a5 34. Be4 Kc7 35. Kg2 a4 36. h4 Qd8 37. Qf7 a3 38. Qc4+ Bc5 39. h5 Qf8 40. Qd5 Qh6 41. Qc6+ Kd8 42. Bf5 Qd2 43. Qxf6+ Kc7 44. Qxe5+ Kc6 45. Be4+ Kb5 46. Qf6 Qxf2+ 47. Qxf2 Bxf2 48. Bd5 Be3 49. Kf3 Bh6 50. Kg4 Kc5 51. Ba2 Kd6 52. Kf5 Bg7 53. g4 Ke7 54. Kg6 Kf8 55. h6 Bh8 56. g5 b5 57. Kh7 Be5 58. g6 1-0

[Event "Vall del Tenes op 3rd"]
[Site "Santa Eulalia de Roncana"]
[Date "2014.05.09"]
[Round "3"]
[White "Ayats Llobera, Gerard"]
[Black "Perez Roses, Sergi"]
[Result "1-0"]
[WhiteElo "2170"]
[BlackElo "1878"]
[PlyCount "88"]
[EventDate "2014.04.25"]
[EventType "swiss"]
[EventRounds "8"]
[EventCountry "ESP"]
[SourceTitle "CBM 160 Extra"]
[Source "ChessBase"]
[SourceDate "2014.07.01"]
[SourceVersion "1"]
[SourceVersionDate "2014.07.01"]
[SourceQuality "1"]

1. e4 e5 2. Nf3 Nc6 3. Bc4 Nf6 4. d3 Bc5 5. 0-0 d6 6. h3 0-0 7. Bg5 Be6 8. Bb3 Na5 9. c3 Nxb3 10. axb3 Re8 11. Nbd2 h6 12. Bh4 g5 13. Bg3 Qd7 14. Nh2 Bxh3 15. Qf3 Bxg2 16. Kxg2 Kg7 17. Qf5 Qxf5 18. exf5 h5 19. f3 Nd5 20. Bf2 Nf4+ 21. Kh1 Bxf2 22. Rxf2 Nxd3 23. Rg2 f6 24. Ne4 Nf4 25. Rgg1 b6 26. c4 a5 27. Rgd1 Rad8 28. Nf1 h4 29. Ne3 Ne2 30. Nc2 h3 31. Rd2 Nf4 32. Ne3 Rc8 33. Nd5 Rf8 34. b4 Nxd5 35. cxd5 axb4 36. Rc2 Rh8 37. Ra7 Rhf8 38. Nxd6 Kh6 39. Nxc8 Rxc8 40. Rcxc7 Rh8 41. d6 e4 42. fxe4 g4 43. Rh7+ Rxh7 44. Rxh7+ Kxh7 1-0